|
|
|
|
| LEADER |
01252nam a2200277 a 4500 |
| 001 |
4766 |
| 003 |
BD-DhAAL |
| 008 |
090604r19881976ii af 000 0 eng d |
| 999 |
|
|
|c 1439
|d 1439
|
| 010 |
|
|
|a 78911449
|
| 040 |
|
|
|a DLC
|c DLC
|d BD-DhAAL
|
| 082 |
0 |
0 |
|a 613.2083
|2 20
|
| 100 |
1 |
|
|a Ghosh, Shanti.
|9 41768
|
| 245 |
1 |
4 |
|a The feeding and care of infants and young children /
|c Shanti Ghosh.
|
| 250 |
|
|
|a Forth edition
|
| 260 |
|
|
|a New Delhi :
|b Voluntary Health Association of India,
|c 1976[reprinted 1981].
|
| 300 |
|
|
|a 162 pages :
|b illustrations ;
|c 25 cm.
|
| 504 |
|
|
|a Includes bibliographical references.
|
| 541 |
1 |
|
|e 4766, 4768
|
| 650 |
|
0 |
|a Infants
|x Nutrition
|z India.
|9 41769
|
| 650 |
|
0 |
|a Nutrition
|x Requirements.
|9 41770
|
| 710 |
2 |
|
|a Voluntary Health Association of India.
|9 41771
|
| 852 |
4 |
|
|a Ayesha Abed Library
|c General Stacks
|
| 942 |
|
|
|2 ddc
|c BK
|
| 952 |
|
|
|0 0
|1 0
|2 ddc
|4 0
|6 613_208300000000000_GHO
|7 0
|9 1319
|a BRACUL
|b BRACUL
|c GEN
|d 2009-06-28
|g 0.00
|l 1
|o 613.2083 GHO
|p 3010004768
|r 2010-06-17
|s 2010-05-03
|t 2
|w 2009-06-28
|y BK
|x No price found in the accession register.
|
| 952 |
|
|
|0 0
|1 0
|2 ddc
|4 0
|6 613_208300000000000_GHO
|7 0
|9 10530
|a BRACUL
|b BRACUL
|c GEN
|d 2010-05-25
|g 0.00
|l 0
|o 613.2083 GHO
|p 3010004766
|r 2010-05-25
|t 1
|w 2010-05-25
|y BK
|z Not price in Register
|